Movies Quiz

Random Movies or Actor Quiz

'B' Movie Characters Quiz Stats

 Plays Quiz Updated Aug 23, 2013

Challenge
Share
Tweet
Score 0/24 Timer 04:00
12 Plays Today
picture name % Correct
Buzz Lightyear (Toy Story)
94.9%
Bruce Wayne (The Dark Knight)
93.2%
Belle (Beauty and the Beast)
87.5%
Borat (Borat: Cultural Learnings...)
85.4%
Beetlejuice (Beetlejuice)
82.7%
Buddy (Elf)
78.9%
Baloo the Bear (The Jungle Book)
74.2%
Bridget Jones (Bridget Jones's Diary)
64%
Blade (Blade)
63.4%
Boba Fett (Star Wars)
56%
Bellatrix Lestrange (Harry Potter)
55.6%
Butch Cassidy (Butch Cassidy and the Sundance Kid)
51.2%
picture name % Correct
Bill Lumbergh (Office Space)
50.5%
Bilbo Baggins (Lord of the Rings)
49%
The Bride/Beatrix Kiddo (Kill Bill)
45.6%
Bernie Lomax (Weekend at Bernie's)
42.8%
The Black Knight (Monty Python and the Holy Grail)
41.5%
Bonnie Parker (Bonnie and Clyde)
39.7%
Brick Tamland (Anchorman: The Legend of Ron Burgundy)
38.4%
Buttercup (The Princess Bride)
35.7%
Ben Braddock (The Graduate)
34.8%
Bela Lugosi (Ed Wood)
32%
John 'Bluto' Blutarsky (Animal House)
25.8%
Bishop (Aliens)
9.7%

You're not logged in!

Compare scores with friends on all Sporcle quizzes.
Join for Free
OR
Log In

You Might Also Like...

Show Comments

Extras

Top Quizzes Today


Score Distribution

Your Account Isn't Verified!

In order to create a playlist on Sporcle, you need to verify the email address you used during registration. Go to your Sporcle Settings to finish the process.

Report this User

Report this user for behavior that violates our Community Guidelines.

Details: